000 00658nam a2200193 i 4500
001 99330
003 ES-MaACL
005 20230906182459.0
007 t|
008 050907s1951 sp ||||1| spa d
100 1 _aMartín Retortillo, Cirilo.
_977625
245 1 0 _aNuevas notas sobre lo contencioso-administrativo /
_cCirilo Martín Retortillo; con prólogo de José Calvo Sotelo.
260 _aMadrid :
_bAguilar,
_c1951.
300 _aXXIII, 296 p. ;
_c22 cm.
650 0 0 _aProcedimiento contencioso administrativo-
_zEspaña.
_916424
700 1 _aCalvo Sotelo, José,
_d1893-1936
_933914
852 _aES-MaACL
_jD-5378
999 _c99330
_d99330